Mezi tygry

Bibliographic Details
Main Author: Basargin, Ivan (Author)
Format: Book
Language:Czech
PhysicalDescription:411, [3] s. 8°
Published: Praha Svoboda 1979
Series:Omnia

MARC

LEADER 00000nam a2200000 a 4500
001 vtls001260922
003 SK-MaSNL
005 20260301154913.0
008 240314s1979 xr 0 cze
035 |a SNK000211776 
040 |a SNK  |b slo  |c SNK  |e AACR2 
041 0 |a cze 
044 |a CZ 
100 1 |a Basargin, Ivan  |4 aut  |9 518457 
245 1 0 |a Mezi tygry  |c Ivan Basargin ; z rus. orig. přel. Karolina Dušková 
260 |a Praha  |b Svoboda  |c 1979 
300 |a 411, [3] s.  |c 8° 
490 0 |a Omnia 
958 |a RK 
958 |a OND 
999 |c 798439  |d 800369 
952 |t P60, <04>, [BOOK], {604}  |a SNK  |b SNK  |y VYP  |7 0  |o snkIC 75907  |i snkKIP 3216/79  |0 0  |1 0  |4 0  |d 1996-07-03  |l 0  |r 2005-01-01 00:00:00  |w 2026-02-24 
952 |t P60, <04>, [BOOK], {604}  |a SNK  |b SNK  |y VYP  |7 0  |o snkIC 75907 D1  |i snkKIP 3217/79  |0 0  |1 0  |4 0  |d 1996-07-03  |l 0  |r 2005-01-01 00:00:00  |w 2026-02-24